Steel ships, their construction and maintenance; a manual for shipbuilders, ship superintendents, students, and marine engineers / (Record no. 1014)

000 -LEADER
fixed length control field 00508nam a22001577a 4500
008 - FIXED-LENGTH DATA ELEMENTS--GENERAL INFORMATION
fixed length control field 200106b ||||| |||| 00| 0 eng d
082 00 - DEWEY DECIMAL CLASSIFICATION NUMBER
Classification number 623.82
Item number W238
100 ## - MAIN ENTRY--PERSONAL NAME
9 (RLIN) 254
Personal name Walton, Thomas
245 10 - TITLE STATEMENT
Title Steel ships, their construction and maintenance; a manual for shipbuilders, ship superintendents, students, and marine engineers /
250 ## - EDITION STATEMENT
Edition statement 8th ed.
260 ## - PUBLICATION, DISTRIBUTION, ETC. (IMPRINT)
Place of publication, distribution, etc London :
Name of publisher, distributor, etc Charles Griffin,
Date of publication, distribution, etc 1950.
300 ## - PHYSICAL DESCRIPTION
Extent xi,280p.
365 ## - TRADE PRICE
Unit of pricing 21.09
650 #0 - SUBJECT ADDED ENTRY--TOPICAL TERM
Topical term or geographic name as entry element Ship Building
942 ## - ADDED ENTRY ELEMENTS (KOHA)
Item type Books
Holdings
Withdrawn status Lost status Source of classification or shelving scheme Damaged status Not for loan Permanent location Current location Date acquired Source of acquisition Full call number Barcode Date last seen Koha item type
          IMU Kolkata IMU Kolkata 1952-10-30 Progressive 623.82 W238 00696 2020-01-06 Books
  Lost       IMU Kolkata IMU Kolkata 1952-10-30 Progressive 623.82 W238 00697 2020-07-16 Books
Designed and Maintained by IMU-KC Library, Kolkata Campus © Copyright All Rights Reserved

webs counters

Powered by Koha